Cry of Fear Unlockables - Statistics

General Stats
  • This quiz has been taken 21 times
  • The average score is 11 of 24
Answer Stats
How to obtain Unlockables % Correct
Inside college Afraid of monsters hoodie
92%
Beat ending 5 Axe
92%
Dead cat Hello kitty hoodie
85%
Beat nightmare mode FAMAS
77%
Beat game in under 2.5h Camera
69%
Beat doctors story Night vision
69%
Beat nightmare mode with S rank Simons book
69%
Collect all outifts Custom hoodie
54%
Beat ending 4 Weird package
54%
Beat ending 4 Sick simon hoodie
46%
Found after crashed train book page five
38%
Found in maintence shafts book page four
38%
Beat the game book page one
38%
Before chapter 6 sawrunner book page three
38%
Under blue van in saxon avenue book page two
38%
Beat ending 5 David leatherhoff hoodie
38%
Join steam mappers MP5
38%
Found before carcass Mod db hoodie
31%
Beat all endings Awesome hoodie
23%
Beat ending 1 black metal hoodie
23%
Beat ending 2 camouflage hoodie
23%
Kill twitcher with Axe AoM twitcher hoodie
15%
One of the rooms in apartments Half life creations hoodie
8%
Beat ending 3 Team psykskallar hoodie
8%
No matching quizzes found
Score Distribution
Percent of People with Each Score
Percentile by Number Answered
Your Score History
You have not taken this quiz